Detalles MARC
| 000 -LEADER |
| campo de control de longitud fija |
02693cam a22004574i 4500 |
| 003 - IDENTIFICADOR DE NÚMERO DE CONTROL |
| campo de control |
PE-LiUPU |
| 005 - FECHA Y HORA DE LA ÚLTIMA TRANSACCIÓN |
| campo de control |
20250731173051.0 |
| 008 - DATOS DE LONGITUD FIJA--INFORMACIÓN GENERAL |
| campo de control de longitud fija |
180108s r 000 0 spa d |
| 020 ## - NÚMERO INTERNACIONAL ESTÁNDAR DEL LIBRO |
| Número Internacional Estándar del Libro |
9781602585737 |
| 035 ## - NÚMERO DE CONTROL DEL SISTEMA |
| Número de control de sistema |
(Sirsi) a240897 |
| 082 04 - NÚMERO DE LA CLASIFICACIÓN DECIMAL DEWEY |
| Número de clasificación |
222.15077 |
| Cutter |
R71 |
| Número de edición |
23 |
| 100 1# - ENTRADA PRINCIPAL--NOMBRE DE PERSONA |
| Nombre de persona |
Robson, James |
| Forma completa/desarrollada del nombre |
(James E.), |
| Término indicativo de función/relación |
autor. |
| 245 ## - MENCIÓN DEL TÍTULO |
| Título |
Deuteronomy 1-11 : |
| Resto del título |
a handbook on the Hebrew text / |
| Mención de responsabilidad, etc. |
James E. Robson. |
| 264 #1 - PRODUCCIÓN, PUBLICACIÓN, DISTRIBUCIÓN, FABRICACIÓN Y COPYRIGHT |
| Producción, publicación, distribución, fabricación y copyright |
Waco, Texas : |
| Nombre del de productor, editor, distribuidor, fabricante |
Baylor University Press, |
| Fecha de producción, publicación, distribución, fabricación o copyright |
[2016] |
| 300 ## - DESCRIPCIÓN FÍSICA |
| Extensión |
xii, 372 pages ; |
| Dimensiones |
21 centímetros. |
| 336 ## - TIPO DE CONTENIDO |
| Término de tipo de contenido |
text |
| Fuente |
rdacontent |
| 337 ## - TIPO DE MEDIO |
| Nombre/término del tipo de medio |
unmediated |
| Fuente |
rdamedia |
| 338 ## - TIPO DE SOPORTE |
| Nombre/término del tipo de soporte |
volume |
| Fuente |
rdacarrier |
| 490 0# - MENCIÓN DE SERIE |
| Mención de serie |
Baylor handbook on the Hebrew Bible |
| 504 ## - NOTA DE BIBLIOGRAFÍA, ETC. |
| Nota de bibliografía, etc. |
Bibliografía : páginas 359-365. |
| 504 ## - NOTA DE BIBLIOGRAFÍA, ETC. |
| Nota de bibliografía, etc. |
Índices : páginas 366-372. |
| 505 0# - NOTA DE CONTENIDO CON FORMATO |
| Nota de contenido con formato |
Moses' First Address: 1:1-4:49. Deuteronomy 1:1-5 -- Deuteronomy 1:6-8 -- Deuteronomy 1:9-18 -- Deuteronomy 1:19-25 -- Deuteronomy 1:26-33 -- Deuteronomy 1:34-40 -- Deuteronomy 1:41-2:1 -- Deuteronomy 2:2-8a-- Deuteronomy 2:8b-15 -- Deuteronomy 2:16-25 -- Deuteronomy 2:26-37 -- Deuteronomy 3:1-7 -- Deuteronomy 3:8-17 -- Deuteronomy 3:18-22 -- Deuteronomy 3:23-29 -- Deuteronomy 4:1-8 -- Deuteronomy 4:9-14 -- Deuteronomy 4:15-22 -- Deuteronomy 4:23-31 -- Deuteronomy 4:32-40 -- Deuteronomy 4:41-43 -- Deuteronomy 4:44-49 -- Moses's Second Address: 5:1 -- 11:32 (26:19). Deuteronomy 5:1-5 -- Deuteronomy 5:22-33 -- Deuteronomy 6:1-3 -- Deuteronomy 6:4-9 -- Deuteronomy 6:10-19 -- Deuteronomy 6:20-25 -- Deuteronomy 7:1-6a -- Deuteronomy 7:6b-11 -- Deuteronomy 7:12-16 -- Deuteronomy 7:17-24 -- Deuteronomy 7:25-26 -- Deuteronomy 8:1-10 -- Deuteronomy 8:11-20 -- Deuteronomy 9:1-6 -- Deuteronomy 9 :7-24 -- Deuteronomy 9:25-29 -- Deuteronomy 10:1-11 -- Deuteronomy 10:12-11:1 -- Deuteronomy 11:2-9 -- Deuteronomy 11:10-12 -- Deuteronomy 11:13-17 -- Deuteronomy 11:18-21 -- Deuteronomy 11:22-25 -- Deuteronomy 11:26-32. Glossary. Works Cited. Author Index. Subject Index. |
| 526 ## - NOTA DE INFORMACIÓN SOBRE EL PROGRAMA DE ESTUDIO |
| Nombre del programa |
Segunda Especialidad En Profecías Bíblicas |
| 526 ## - NOTA DE INFORMACIÓN SOBRE EL PROGRAMA DE ESTUDIO |
| Nombre del programa |
Segunda Especialidad En Nuevo Testamento |
| 526 ## - NOTA DE INFORMACIÓN SOBRE EL PROGRAMA DE ESTUDIO |
| Nombre del programa |
Segunda Especialidad En Antiguo Testamento |
| 526 ## - NOTA DE INFORMACIÓN SOBRE EL PROGRAMA DE ESTUDIO |
| Nombre del programa |
Segunda Especialidad En Estudios Adventistas |
| 526 ## - NOTA DE INFORMACIÓN SOBRE EL PROGRAMA DE ESTUDIO |
| Nombre del programa |
Doctorado en teología |
| 526 ## - NOTA DE INFORMACIÓN SOBRE EL PROGRAMA DE ESTUDIO |
| Nombre del programa |
Maestría en teología histórica |
| 526 ## - NOTA DE INFORMACIÓN SOBRE EL PROGRAMA DE ESTUDIO |
| Nombre del programa |
Maestría en teología bíblica |
| 526 ## - NOTA DE INFORMACIÓN SOBRE EL PROGRAMA DE ESTUDIO |
| Nombre del programa |
Maestría en teología |
| 526 ## - NOTA DE INFORMACIÓN SOBRE EL PROGRAMA DE ESTUDIO |
| Nombre del programa |
Maestría en misionología |
| 526 ## - NOTA DE INFORMACIÓN SOBRE EL PROGRAMA DE ESTUDIO |
| Nombre del programa |
Maestría en liderazgo eclesiástico |
| 526 ## - NOTA DE INFORMACIÓN SOBRE EL PROGRAMA DE ESTUDIO |
| Nombre del programa |
Teología |
| 596 ## - |
| -- |
1 |
| 630 04 - PUNTO DE ACCESO ADICIONAL DE MATERIA--TÍTULO UNIFORME |
| Título uniforme |
Bible. |
| Nombre de parte o sección de la obra |
Deuteronomy, I-XI |
| Subdivisión general |
Criticism, interpretation, etc. |
| 630 04 - PUNTO DE ACCESO ADICIONAL DE MATERIA--TÍTULO UNIFORME |
| Título uniforme |
Biblia. |
| Nombre de parte o sección de la obra |
Deuteronomio, I-XI |
| Subdivisión general |
Criticismo, interpretación, etc. |
| 910 ## - DATOS DE OPCIÓN DEL USUARIO (OCLC) |
| Datos de opción del usuario |
dbm |
| -- |
ebj |
| -- |
ebj |
| -- |
20171205 |
| 942 ## - ELEMENTOS DE ENTRADA SECUNDARIOS (KOHA) |
| Fuente del sistema de clasificación o colocación |
Clasificación Decimal Dewey |
| Tipo de ítem Koha |
|
| 999 ## - NÚMEROS DE CONTROL DE SISTEMA (KOHA) |
| -- |
DEWEY |
| -- |
77880 |
| -- |
2021-11-9 |
| -- |
4 |
| -- |
CCODEBUL1 |
| -- |
BUL |
| -- |
24.97 |
| -- |
1 |
| -- |
0 |
| -- |
Y |
| -- |
BOOK |
| -- |
2018-1-8 |
| -- |
TEOLOGIA |
| -- |
P85 |
| -- |
COMPRA |
| -- |
.STAFF. Colección Teología. |
| 980 ## - EQUIVALENCIA O REFERENCIA-CRUZADA-MENCIÓN DE SERIE--NOMBRE DE PERSONA/TÍTULO [LOCAL, CANADÁ] |
| ID del último usuario que modificó el registro |
1 |
| Nombre del último usuario que modificó el registro |
ALBERTO SANCHEZ Responsable de Automatización |